Melabur saham dengan jayanya /

Bibliographic Details
Main Author: Othman Yong
Format: Book
Published: Kuala Lumpur: Leeds Publications, ( )..
Edition:1st ed..
Subjects:
LEADER 00703cam a2200253 7i4500
001 0000055127
005 20151104090000.0
005 ##20151104173500.0
002 ##000002078
003 ##MY-KlINT
008 151104 00010 eng
020 # # |a 983983908x  
039 # 9 |y 201511041735  |z VLOAD 
090 0 0 |a 332.632 OTH  
100 1 # |a Othman Yong. 
245 0 0 |a Melabur saham dengan jayanya /   |c Othman Yong.. 
250 # # |a 1st ed.. 
260 # # |a Kuala Lumpur:   |b Leeds Publications,   |c ( ).. 
300 # # |a 143ms; 18cm. 
650 # 0 |a Investments  
996 |a ikwas2000.out 
997 |a 3000023444  |b IKWS  |c MNF  |d BOK 
998 |a 0000002056 
999 |a 3000023444  |b BOOK  |c Main Non-Fiction  |e INTAN Kampus Wilayah Selatan